000 00648nam a2200217Ia 4500
005 20241129105805.0
008 241129s9999||||xx |||||||||||||| ||und||
020 _a978-93-91144-99-9
037 _aTB
040 _aARTS
_beng
_cARTS
041 _aeng
_2eng
084 _aW6.2 R2
_qARTS
100 _aRay Manas Ed.
_9451638
245 0 _aState of democracy in India: essays on life and politics in contemporary times
_cRay Manas Ed.
260 _aDelhi, India
_bPrimus Books
_c2022
300 _axii,681p.
365 _aINR
_b1995
650 _aPolitical ScienceDemocracy
_9726228
942 _cTB
_hW6.2 R2
999 _c1225947
_d1225947